zpět

Detail výsledku týmu

Restaurace Loza, Loza

Datum a čas kvízu

35 Celkem bodů Celkový počet nahraných bodů na tomto kvízu bez doplňovacích otázek.
1. Pořadí na kvízu Konečné umístění týmu na tomto kvízu.

Zaznamenané odpovědi

# Otázka Odpověď Body Výsledky
1. Jak se jmenuje politik, který... Marian Jurečka 0
2. Na Slovensku byl přetřásán stř... Ministerstvo životního prostředí 0
3. 71letý zpěvák Ozzy Osbourne oz... Parkinsonova choroba 1
4. Aféra s předraženou zakázkou n... hackathon 1
5. Čínská tenistka Wang Čhiang, 2... Serenu Williamsovou 1
6. Jelikož se o ostrovech zmiňuje... D 1
7. Nyní se podíváme na souostroví... Země Františka Josefa 0
8. Za jistou formu "ostrova" se d... B C 1
9. Ostrovačice v okrese Brno-venk... Amerika 0
10. Jak se jmenoval německý patolo... Paul Langerhans 1